[Event "WchT Blitz Pool B"]
[Site "London"]
[Date "2025.06.14"]
[Round "9.4"]
[White "Wadsworth, Matthew J"]
[Black "Purton, Benjamin"]
[Result "1-0"]
[WhiteElo "2481"]
[BlackElo "2173"]
[PlyCount "140"]
[EventDate "2025.06.14"]
[EventType "team-tourn"]
[EventRounds "13"]
[EventCountry "ENG"]
[SourceTitle "CB25_2025"]
[SourceDate "2025.06.18"]
[SourceVersion "1"]
[SourceVersionDate "2025.06.18"]
[SourceQuality "1"]
[WhiteTeam "Wood Green"]
[BlackTeam "Sharks 4NCL"]
[WhiteTeamCountry "ENG"]
[BlackTeamCountry "ENG"]

1. Nf3 Nf6 2. g3 g6 3. Bg2 Bg7 4. c4 0-0 5. d4 d5 6. cxd5 Nxd5 7. 0-0 Nb6 8. Nc3 Nc6 9. e3 e5 10. d5 Ne7 11. e4 Bd7 12. Be3 Nc4 13. Bg5 h6 14. Qe2 Nd6 15. Bd2 b5 16. a3 a5 17. b4 Nc4 18. a4 Nxd2 19. Nxd2 bxa4 20. b5 Nc8 21. Nc4 Nb6 22. Nxb6 cxb6 23. Nxa4 Re8 24. Rfc1 h5 25. h4 Rc8 26. Rxc8 Bxc8 27. Qe3 Bd7 28. Qxb6 Qxb6 29. Nxb6 Bxb5 30. Rxa5 Bd3 31. d6 Rd8 32. d7 Kf8 33. Rc5 Ke7 34. Nd5+ Kxd7 35. Rc7+ Ke8 36. Ra7 Kf8 37. f3 Bc4 38. Bf1 Bxd5 39. exd5 Rd6 40. Bb5 Bh6 41. Ra8+ Kg7 42. Bc6 Be3+ 43. Kf1 Kf6 44. Ke2 Bd4 45. Re8 Kg7 46. g4 hxg4 47. fxg4 Rf6 48. g5 Rf4 49. d6 Bb6 50. d7 Rxh4 51. d8R Bxd8 52. Rxd8 Rg4 53. Bd5 Rxg5 54. Rd7 Rf5 55. Ke3 Kf8 56. Ke4 Ke8 57. Ra7 Kf8 58. Rb7 Ke8 59. Bc6+ Kf8 60. Bd7 Rg5 61. Bc6 Rf5 62. Rb8+ Kg7 63. Rb7 Kf8 64. Bd7 Rg5 65. Kd5 Ke7 66. Be6+ Kd8 67. Rxf7 Ke8 68. Kd6 Rg1 69. Rg7 Rd1+ 70. Bd5 Rf1 1-0

[Event "WchT Rapid"]
[Site "London"]
[Date "2025.06.13"]
[Round "10.2"]
[White "Wadsworth, Matthew J"]
[Black "Cumming, Rhys"]
[Result "1-0"]
[WhiteElo "2367"]
[BlackElo "2223"]
[PlyCount "83"]
[EventDate "2025.06.11"]
[EventType "team-swiss"]
[EventRounds "12"]
[EventCountry "ENG"]
[SourceTitle "CB25_2025"]
[SourceDate "2025.06.18"]
[SourceVersion "1"]
[SourceVersionDate "2025.06.18"]
[SourceQuality "1"]
[WhiteTeam "Wood Green"]
[BlackTeam "Chess Rising Stars"]
[WhiteTeamCountry "ENG"]
[BlackTeamCountry "GRE"]

1. c4 Nf6 2. g3 e5 3. Bg2 c6 4. Nf3 e4 5. Nd4 d5 6. cxd5 cxd5 7. d3 Bb4+ 8. Nc3 0-0 9. 0-0 exd3 10. Qxd3 Nc6 11. Bg5 h6 12. Nxd5 hxg5 13. Nxc6 bxc6 14. Nxb4 Qxd3 15. Nxd3 Ba6 16. Rfd1 Rad8 17. Rac1 Rfe8 18. Bf1 Bxd3 19. exd3 Re6 20. h3 Nd5 21. a3 Rb8 22. Rd2 Ne7 23. d4 Rd6 24. Rc5 f6 25. Ra5 Rb7 26. Bg2 Rbd7 27. Kf1 g6 28. Ra6 Kf7 29. Ke1 Nf5 30. d5 cxd5 31. Rxd6 Nxd6 32. Bxd5+ Kg7 33. Be6 Rd8 34. Kf1 Kf8 35. b4 Ke7 36. Re2 Ne8 37. Bc4+ Kf8 38. Re6 Rd4 39. Be2 Kf7 40. Ra6 Rd7 41. Bb5 Rd1+ 42. Ke2 1-0

[Event "WchT Rapid"]
[Site "London"]
[Date "2025.06.12"]
[Round "7.2"]
[White "Wadsworth, Matthew J"]
[Black "Bilguun, Sumiya"]
[Result "1/2-1/2"]
[WhiteElo "2367"]
[BlackElo "2438"]
[PlyCount "98"]
[EventDate "2025.06.11"]
[EventType "team-swiss"]
[EventRounds "12"]
[EventCountry "ENG"]
[SourceTitle "CB25_2025"]
[SourceDate "2025.06.18"]
[SourceVersion "1"]
[SourceVersionDate "2025.06.18"]
[SourceQuality "1"]
[WhiteTeam "Wood Green"]
[BlackTeam "Mongolia II"]
[WhiteTeamCountry "ENG"]
[BlackTeamCountry "MGL"]

1. c4 c5 2. g3 g6 3. Bg2 Bg7 4. Nc3 Nc6 5. Nf3 d6 6. 0-0 e5 7. d3 Nge7 8. a3 a5 9. Rb1 0-0 10. Ne1 Be6 11. Bg5 f6 12. Be3 Bf7 13. Nc2 a4 14. b3 axb3 15. Rxb3 b6 16. Qb1 Ra6 17. Bd2 h6 18. Ne3 Nd4 19. Rb2 Rxa3 20. Re1 f5 21. Ned5 Nxd5 22. Nxd5 f4 23. Rxb6 f3 24. exf3 Bxd5 25. cxd5 e4 26. fxe4 Ra1 27. Qxa1 Nf3+ 28. Bxf3 Bxa1 29. Reb1 Qf6 30. Bf4 Be5 31. Bxe5 Qxe5 32. Rb8 h5 33. h4 Qd4 34. Rxf8+ Kxf8 35. Be2 c4 36. dxc4 Qxe4 37. Rb8+ Kg7 38. Bf1 Kf6 39. Rb6 Ke5 40. c5 Qxd5 41. cxd6 Qd4 42. Ra6 Qd1 43. Ra3 Qxd6 44. Ra5+ Kd4 45. Ra4+ Kc3 46. Re4 Kd2 47. Re3 Qf6 48. Rd3+ Ke1 49. Re3+ Kd2 1/2-1/2

[Event "Cambridge op 3rd"]
[Site "Cambridge"]
[Date "2025.05.26"]
[Round "2"]
[White "Wadsworth, Matthew J"]
[Black "Weaving, Richard"]
[Result "1/2-1/2"]
[WhiteElo "2484"]
[BlackElo "2323"]
[PlyCount "117"]
[EventDate "2025.05.26"]
[EventType "tourn"]
[EventRounds "9"]
[EventCountry "ENG"]
[SourceTitle "CB23_2025"]
[SourceDate "2025.06.04"]
[SourceVersion "1"]
[SourceVersionDate "2025.06.04"]
[SourceQuality "1"]

1. d4 Nf6 2. c4 e6 3. Nf3 d5 4. g3 dxc4 5. Bg2 c5 6. 0-0 Nc6 7. Ne5 Bd7 8. Na3 cxd4 9. Naxc4 Be7 10. Bf4 Nd5 11. Nxd7 Nxf4 12. Bxc6 bxc6 13. Nde5 f6 14. gxf4 fxe5 15. Nxe5 Qd5 16. Qa4 0-0 17. Qxc6 Rxf4 18. Qxd5 exd5 19. f3 Re8 20. Nd3 Rf5 21. Rac1 Bh4 22. Rc2 Rf6 23. Kh1 Bg5 24. f4 h5 25. Rf2 Bh4 26. Rg2 Rfe6 27. f5 Re4 28. b4 Rf8 29. Rc7 Rf7 30. Rxf7 Kxf7 31. b5 Kf6 32. Rg6+ Kxf5 33. Rxg7 Rxe2 34. Rxa7 Ke4 35. b6 Bd8 36. Nc5+ Ke3 37. Ra3+ Kf2 38. Nd3+ Kf1 39. Rb3 Rd2 40. Rb1+ Ke2 41. Nf4+ Kf3 42. Nxd5 Bxb6 43. Nxb6 Rxa2 44. Rf1+ Ke2 45. Kg1 Ra6 46. Rf2+ Ke1 47. Rf6 d3 48. Re6+ Kd1 49. Kf1 d2 50. Rc6 Ra7 51. Nc4 Rf7+ 52. Kg2 Rg7+ 53. Kh3 Rg4 54. Nb2+ Ke2 55. Re6+ Kf3 56. Rd6 Ke2 57. Re6+ Kf3 58. Rd6 Ke2 59. Re6+ 1/2-1/2

[Event "Karlsruhe Grenke op"]
[Site "Karlsruhe"]
[Date "2025.04.21"]
[Round "9"]
[White "Sokhor, Nazar"]
[Black "Wadsworth, Matthew J"]
[Result "1/2-1/2"]
[WhiteElo "2196"]
[BlackElo "2500"]
[PlyCount "111"]
[EventDate "2025.04.17"]
[EventType "swiss"]
[EventRounds "9"]
[EventCountry "GER"]
[SourceTitle "CB17_2025"]
[SourceDate "2025.04.23"]
[SourceVersion "1"]
[SourceVersionDate "2025.04.23"]
[SourceQuality "1"]

1. Nf3 d5 2. b3 Nf6 3. Bb2 Bf5 4. g3 e6 5. Bg2 h6 6. d3 c6 7. 0-0 Be7 8. Re1 0-0 9. Nbd2 Bh7 10. e4 a5 11. a3 Nbd7 12. Qe2 Qc7 13. e5 Ne8 14. h4 Qb6 15. g4 Qd8 16. h5 Nc7 17. Nf1 c5 18. a4 Nb6 19. N3d2 Na6 20. f4 Nb4 21. Rac1 c4 22. bxc4 dxc4 23. Nxc4 Nxc4 24. dxc4 Bc5+ 25. Kh2 Bxc2 26. g5 hxg5 27. Rxc2 Nxc2 28. Qxc2 gxf4 29. Kh3 Qg5 30. Qe2 Rfd8 31. Be4 Bb4 32. Rd1 Rxd1 33. Qxd1 Rd8 34. Qf3 b6 35. Bc1 Qxe5 36. Bxf4 Qf6 37. Kg2 Bd6 38. Bxd6 Qxf3+ 39. Bxf3 Rxd6 40. Be2 f5 41. Kf2 Kf7 42. Ke3 Kf6 43. Nh2 e5 44. Nf3 e4 45. Nh4 Ke5 46. Ng6+ Rxg6 47. hxg6 f4+ 48. Kf2 Kd4 49. Bg4 Kxc4 50. Bc8 Kd3 51. Ba6+ Kd2 52. Bb5 Kd1 53. Be2+ Kc2 54. Bc4 Kd2 55. Ba6 Kd1 56. Be2+ 1/2-1/2

[Event "Isle of Wight blitz op1"]
[Site "Isle of Wight"]
[Date "2025.02.19"]
[Round "1"]
[White "Sandhu, Manvith"]
[Black "Wadsworth, Matthew J"]
[Result "0-1"]
[WhiteElo "1819"]
[BlackElo "2286"]
[PlyCount "93"]
[EventDate "2025.02.19"]
[EventType "swiss (blitz)"]
[EventRounds "7"]
[EventCountry "ENG"]
[SourceTitle "CB08_2025"]
[SourceDate "2025.02.19"]
[SourceVersion "1"]
[SourceVersionDate "2025.02.19"]
[SourceQuality "1"]

1. e4 c5 2. Nf3 e6 3. d4 cxd4 4. Nxd4 Nc6 5. Nc3 Qc7 6. Nxc6 bxc6 7. Bd3 d5 8. 0-0 Bd6 9. h3 Ne7 10. Re1 0-0 11. Qe2 Ng6 12. exd5 exd5 13. Qh5 Be6 14. Bd2 Rfe8 15. Ne2 c5 16. c3 Rab8 17. Rab1 Nf8 18. Qf3 Nd7 19. Qh5 Nf6 20. Qf3 Ne4 21. Bf4 Bxf4 22. Qxf4 Qxf4 23. Nxf4 Nd2 24. Rbd1 Ne4 25. Bxe4 dxe4 26. Nxe6 Rxe6 27. b3 Kf8 28. Rd7 a5 29. Ra7 c4 30. Rd1 cxb3 31. axb3 g6 32. Rdd7 Rf6 33. Rdb7 Rxb7 34. Rxb7 Rc6 35. c4 a4 36. bxa4 Rxc4 37. a5 Ra4 38. Rb5 h5 39. Kf1 Ra2 40. g3 Kg7 41. Rb4 f5 42. h4 Rxa5 43. Rb7+ Kh6 44. Ke2 Ra2+ 45. Ke3 Ra3+ 46. Ke2 f4 47. Re7 0-1

[Event "Isle of Wight blitz op1"]
[Site "Isle of Wight"]
[Date "2025.02.19"]
[Round "3"]
[White "Skettos, Nicolas"]
[Black "Wadsworth, Matthew J"]
[Result "0-1"]
[WhiteElo "2036"]
[BlackElo "2286"]
[PlyCount "40"]
[EventDate "2025.02.19"]
[EventType "swiss (blitz)"]
[EventRounds "7"]
[EventCountry "ENG"]
[SourceTitle "CB08_2025"]
[SourceDate "2025.02.19"]
[SourceVersion "1"]
[SourceVersionDate "2025.02.19"]
[SourceQuality "1"]

1. e4 c5 2. Nf3 e6 3. c3 d5 4. exd5 Qxd5 5. Na3 Nf6 6. d4 Be7 7. Be2 0-0 8. Nc2 Nc6 9. 0-0 cxd4 10. Ncxd4 Nxd4 11. Nxd4 e5 12. Nb5 Qc6 13. Be3 b6 14. a4 Rd8 15. Qc2 Bb7 16. Bf3 e4 17. Be2 Bc5 18. Bg5 e3 19. Bf3 exf2+ 20. Kh1 Qxf3 0-1

[Event "Isle of Wight op"]
[Site "Ryde"]
[Date "2025.02.19"]
[Round "3"]
[White "Wadsworth, Matthew J"]
[Black "Banerjee, Supratit"]
[Result "1/2-1/2"]
[WhiteElo "2489"]
[BlackElo "2264"]
[PlyCount "79"]
[EventDate "2025.02.18"]
[EventType "swiss"]
[EventRounds "9"]
[EventCountry "ENG"]
[SourceTitle "CB09_2025"]
[SourceDate "2025.02.27"]
[SourceVersion "1"]
[SourceVersionDate "2025.02.27"]
[SourceQuality "1"]

1. d4 Nf6 2. c4 g6 3. Nc3 Bg7 4. e4 d6 5. Nf3 0-0 6. Be2 e5 7. 0-0 exd4 8. Nxd4 Re8 9. f3 c6 10. Nc2 Na6 11. Kh1 h6 12. Bf4 d5 13. cxd5 cxd5 14. Bxa6 bxa6 15. Nxd5 Nxd5 16. exd5 g5 17. Bg3 Bf5 18. d6 Qb6 19. Bf2 Bxc2 20. Qxc2 Qxd6 21. Rad1 Qe6 22. Qa4 Qe2 23. b3 Qb5 24. Qxb5 axb5 25. h4 Re2 26. hxg5 hxg5 27. Rd5 Bf6 28. Rxb5 Rxa2 29. Be3 Kg7 30. Rd1 Rh8+ 31. Kg1 Re8 32. Rd2 Ra1+ 33. Kf2 Kg6 34. Rb7 a5 35. Rb6 Re6 36. Rxe6 fxe6 37. Rd6 Ra2+ 38. Kf1 Kf7 39. Ra6 Ra3 40. Kf2 1/2-1/2

[Event "BCF-chT 2425 (4NCL)"]
[Site "England"]
[Date "2025.02.16"]
[Round "6.64"]
[White "Fodor, Tamas Jr"]
[Black "Wadsworth, Matthew J"]
[Result "1-0"]
[WhiteElo "2509"]
[BlackElo "2489"]
[PlyCount "87"]
[EventDate "2024.11.23"]
[EventType "team-swiss"]
[EventRounds "11"]
[EventCountry "ENG"]
[SourceTitle "CB14_2025"]
[SourceDate "2024.11.01"]
[SourceVersion "1"]
[SourceVersionDate "2024.11.01"]
[SourceQuality "1"]
[WhiteTeam "Cheddleton"]
[BlackTeam "Wood Green"]
[WhiteTeamCountry "ENG"]
[BlackTeamCountry "ENG"]

1. d4 Nf6 2. c4 e6 3. Nc3 Bb4 4. e3 0-0 5. Bd2 b6 6. Nf3 d5 7. cxd5 exd5 8. Bd3 c5 9. h3 Ba6 10. Bxa6 Nxa6 11. 0-0 c4 12. Ne5 Qe8 13. Ng4 Nxg4 14. hxg4 Nc7 15. f3 b5 16. Qc2 Qe7 17. Rae1 Bd6 18. f4 b4 19. Ne2 g6 20. g5 h6 21. gxh6 Ne8 22. e4 dxe4 23. f5 Qh4 24. Bf4 g5 25. Be5 Rc8 26. f6 Bxe5 27. dxe5 Rc5 28. Nd4 Rxe5 29. Nc6 Re6 30. Ne7+ Kh7 31. Nf5 Qg4 32. Re3 Re5 33. Rg3 Qh5 34. Qd2 g4 35. Ne3 Rg8 36. Rf4 Reg5 37. Qxb4 R5g6 38. Qe7 Rxh6 39. Rf5 Qh1+ 40. Kf2 Kh8 41. Nxg4 Rh7 42. Rg5 Rxg5 43. Qxe8+ Rg8 44. Qxg8+ 1-0

[Event "Titled Tuesday intern op 21st Jan Late"]
[Site "Chess.com INT"]
[Date "2025.01.21"]
[Round "3"]
[White "Hiwale, Ronak"]
[Black "Wadsworth, Matthew J"]
[Result "1/2-1/2"]
[WhiteElo "2093"]
[BlackElo "2473"]
[PlyCount "66"]
[EventDate "2025.01.21"]
[EventType "swiss (blitz)"]
[EventRounds "11"]
[EventCountry "USA"]
[SourceTitle "CB05_2025"]
[SourceDate "2025.01.29"]
[SourceVersion "1"]
[SourceVersionDate "2025.01.29"]
[SourceQuality "1"]

1. Nf3 d5 2. g3 Nd7 3. Bg2 e5 4. d3 Ngf6 5. 0-0 Bd6 6. Nc3 c6 7. e4 0-0 8. Nh4 dxe4 9. Nxe4 Nxe4 10. dxe4 Nf6 11. Nf5 Bc5 12. Bg5 Bxf5 13. exf5 Qxd1 14. Raxd1 Rfd8 15. Bxf6 gxf6 16. c3 a5 17. Bf3 a4 18. Rxd8+ Rxd8 19. Rd1 Rxd1+ 20. Bxd1 a3 21. b4 Bb6 22. Kf1 Kf8 23. Ke2 Ke7 24. f3 h6 25. h3 Bg1 26. Kd3 Bh2 27. g4 Bf4 28. Bb3 b5 29. c4 Bg3 30. cxb5 cxb5 31. Bd5 Be1 32. Bc6 Bxb4 33. Bxb5 Be1 1/2-1/2

[Event "Roquetas de Mar op 36th"]
[Site "Roquetas de Mar"]
[Date "2025.01.07"]
[Round "9"]
[White "Wadsworth, Matthew J"]
[Black "Sivuk, Vitaly"]
[Result "1/2-1/2"]
[WhiteElo "2473"]
[BlackElo "2493"]
[PlyCount "61"]
[EventDate "2025.01.02"]
[EventType "swiss"]
[EventRounds "9"]
[EventCountry "ESP"]
[SourceTitle "CB02_2025"]
[SourceDate "2025.01.08"]
[SourceVersion "1"]
[SourceVersionDate "2025.01.08"]
[SourceQuality "1"]

1. c4 Nf6 2. g3 g6 3. Bg2 Bg7 4. Nc3 0-0 5. d4 c5 6. Nf3 d5 7. dxc5 Qa5 8. 0-0 dxc4 9. Qd4 Nc6 10. Qxc4 Be6 11. Qb5 Qxb5 12. Nxb5 Rac8 13. Nfd4 Nxd4 14. Nxd4 Bd5 15. Bxd5 Nxd5 16. Nb3 b6 17. Rd1 Rfd8 18. cxb6 Nxb6 19. Rxd8+ Rxd8 20. Be3 Bxb2 21. Rb1 Bf6 22. Na5 Rc8 23. Bxb6 axb6 24. Rxb6 Rc1+ 25. Kg2 Ra1 26. e3 Rxa2 27. Nc6 h5 28. h4 e6 29. Rb5 Rc2 30. Ne5 Bxe5 31. Rxe5 1/2-1/2

[Event "Roquetas de Mar op 36th"]
[Site "Roquetas de Mar"]
[Date "2025.01.05"]
[Round "6"]
[White "Wadsworth, Matthew J"]
[Black "Li, Di"]
[Result "1/2-1/2"]
[WhiteElo "2473"]
[BlackElo "2544"]
[PlyCount "70"]
[EventDate "2025.01.02"]
[EventType "swiss"]
[EventRounds "9"]
[EventCountry "ESP"]
[SourceTitle "CB02_2025"]
[SourceDate "2025.01.08"]
[SourceVersion "1"]
[SourceVersionDate "2025.01.08"]
[SourceQuality "1"]

1. d4 d5 2. c4 c6 3. Nf3 Nf6 4. e3 e6 5. Bd3 Nbd7 6. 0-0 Bd6 7. Nc3 0-0 8. e4 dxc4 9. Bxc4 e5 10. Be3 Qe7 11. h3 b5 12. Bb3 b4 13. Ne2 c5 14. Ng3 g6 15. Bh6 cxd4 16. Bxf8 Kxf8 17. Qc1 Nc5 18. Bc4 Ne6 19. Qh6+ Kg8 20. Ng5 Nxg5 21. Qxg5 Nd7 22. Qxe7 Bxe7 23. Bd5 Rb8 24. Rfc1 Nc5 25. Nf1 Ba6 26. Nd2 Be2 27. Nf3 Bxf3 28. gxf3 Rb6 29. Rc4 Kg7 30. Rd1 d3 31. b3 Ra6 32. Rd2 Bg5 33. Rd1 Be7 34. Rd2 Bg5 35. Rd1 Be7 1/2-1/2

[Event "Roquetas de Mar op 36th"]
[Site "Roquetas de Mar"]
[Date "2025.01.04"]
[Round "5"]
[White "Suarez Uriel, Adrian"]
[Black "Wadsworth, Matthew J"]
[Result "0-1"]
[WhiteElo "2401"]
[BlackElo "2473"]
[PlyCount "70"]
[EventDate "2025.01.02"]
[EventType "swiss"]
[EventRounds "9"]
[EventCountry "ESP"]
[SourceTitle "CB02_2025"]
[SourceDate "2025.01.08"]
[SourceVersion "1"]
[SourceVersionDate "2025.01.08"]
[SourceQuality "1"]

1. e4 e6 2. d4 d5 3. e5 c5 4. c3 Nc6 5. Nf3 Qb6 6. a3 Nh6 7. Bd3 cxd4 8. b4 Bd7 9. 0-0 Rc8 10. Bb2 Nf5 11. Bxf5 exf5 12. cxd4 Be7 13. Nc3 Be6 14. Rc1 0-0 15. Qd2 a5 16. b5 Na7 17. a4 Rc4 18. Qe3 Nc8 19. Rc2 Qa7 20. Nd2 Rb4 21. Na2 Rxa4 22. Qb3 Nb6 23. Rc7 Bg5 24. f4 Qb8 25. Rc5 Be7 26. Rc2 Rc8 27. Rfc1 Rxc2 28. Rxc2 h6 29. Nc1 Rb4 30. Qd3 Nc4 31. Ba3 Nxa3 32. Qxa3 Qd8 33. Qd3 Qb6 34. Ne2 Qxb5 35. Qe3 Rb2 0-1

[Event "Roquetas de Mar op 36th"]
[Site "Roquetas de Mar"]
[Date "2025.01.04"]
[Round "4"]
[White "Wadsworth, Matthew J"]
[Black "Hernandez, Cristian Andres"]
[Result "1-0"]
[WhiteElo "2473"]
[BlackElo "2361"]
[PlyCount "75"]
[EventDate "2025.01.02"]
[EventType "swiss"]
[EventRounds "9"]
[EventCountry "ESP"]
[SourceTitle "CB02_2025"]
[SourceDate "2025.01.08"]
[SourceVersion "1"]
[SourceVersionDate "2025.01.08"]
[SourceQuality "1"]

1. d4 Nf6 2. c4 e6 3. Nc3 Bb4 4. e3 0-0 5. Bd3 c5 6. Nge2 d5 7. cxd5 cxd4 8. exd4 Nxd5 9. 0-0 Nc6 10. a3 Nxc3 11. bxc3 Be7 12. Ng3 g6 13. Bh6 Re8 14. Qf3 Bf8 15. Bxf8 Rxf8 16. Rfe1 Kg7 17. Rad1 Bd7 18. Ne4 Na5 19. Qf4 Bc6 20. Qe5+ f6 21. Qxe6 Bd5 22. Nc5 b6 23. c4 Bxe6 24. Nxe6+ Kf7 25. Nxd8+ Rfxd8 26. Be4 Rac8 27. Bd5+ Kf8 28. Re6 Kg7 29. Re7+ Kh6 30. f4 Re8 31. Rxe8 Rxe8 32. c5 Rd8 33. c6 Rc8 34. Rc1 Rc7 35. Rc3 Kg7 36. Bf3 b5 37. d5 Nc4 38. Kf2 1-0

[Event "London Classic op 14th"]
[Site "London"]
[Date "2024.12.02"]
[Round "5"]
[White "Stefansson, Vignir Vatnar"]
[Black "Wadsworth, Matthew J"]
[Result "1-0"]
[WhiteElo "2530"]
[BlackElo "2461"]
[PlyCount "87"]
[EventDate "2024.11.29"]
[EventType "swiss"]
[EventRounds "9"]
[EventCountry "ENG"]
[SourceTitle "CB50_2024"]
[SourceDate "2024.11.01"]
[SourceVersion "1"]
[SourceVersionDate "2024.11.01"]
[SourceQuality "2"]

1. d4 Nf6 2. c4 e6 3. Nf3 b6 4. g3 Bb7 5. Bg2 Be7 6. 0-0 0-0 7. Nc3 Ne4 8. Bd2 Bf6 9. Re1 a6 10. Qc2 Nxd2 11. Qxd2 d6 12. Rad1 c5 13. dxc5 dxc5 14. Qf4 Qe8 15. Ne4 Bxe4 16. Qxe4 Ra7 17. Rd6 b5 18. Red1 bxc4 19. Ne5 Qa4 20. Nxc4 Rc7 21. R1d2 Be7 22. b3 Qe8 23. Rb6 Qc8 24. Qa8 Bf6 25. Nd6 Qd8 26. Ne4 Qc8 27. Nxf6+ gxf6 28. Bb7 Qe8 29. Bxa6 Nxa6 30. Qxa6 Rd7 31. Rbd6 Rxd6 32. Qxd6 Qb5 33. Rc2 Ra8 34. Rc4 f5 35. Qd2 Qa5 36. Qxa5 Rxa5 37. Ra4 Rb5 38. Ra8+ Kg7 39. Rc8 Kf6 40. f4 h5 41. Rc7 Kg6 42. Kf2 f6 43. h4 e5 44. e3 1-0

[Event "EU-ch 24th"]
[Site "Petrovac"]
[Date "2024.11.19"]
[Round "11"]
[White "Theodorou, Nikolas"]
[Black "Wadsworth, Matthew J"]
[Result "1/2-1/2"]
[WhiteElo "2612"]
[BlackElo "2461"]
[PlyCount "129"]
[EventDate "2024.11.08"]
[EventType "swiss"]
[EventRounds "11"]
[EventCountry "MNE"]
[SourceTitle "CB47_2024"]
[SourceDate "2024.11.20"]
[SourceVersion "1"]
[SourceVersionDate "2024.11.20"]
[SourceQuality "1"]

1. d4 d5 2. c4 c6 3. Nf3 Nf6 4. Nc3 dxc4 5. e4 b5 6. a4 b4 7. Na2 Nxe4 8. Bxc4 e6 9. 0-0 Nf6 10. Re1 Be7 11. Ne5 a5 12. Bg5 0-0 13. Nc1 Ba6 14. Nxf7 Rxf7 15. Bxe6 Ra7 16. Nd3 Bxd3 17. Qxd3 Rd7 18. Rad1 Rd5 19. Re5 Nbd7 20. Bxf6 Nxf6 21. Rxd5 Nxd5 22. Rc1 Qd6 23. Bxf7+ Kxf7 24. g3 Qg6 25. Qa6 h5 26. h4 Bxh4 27. Rxc6 Qe4 28. Qb7+ Be7 29. Rc5 Ke6 30. Qc8+ Kf7 31. Qb7 Ke6 32. Rxa5 Qe1+ 33. Kg2 Qe4+ 34. Kg1 Qe1+ 35. Kg2 Qe4+ 36. Kh2 Qxd4 37. Qc6+ Bd6 38. Qc8+ Ke7 39. Qb7+ Ke6 40. Qc8+ Ke7 41. Qf5 Nc7 42. Kg2 Qxb2 43. Qe4+ Kd7 44. Rxh5 Qc3 45. Rh8 b3 46. Rb8 b2 47. Qg4+ Kc6 48. Qe4+ Kd7 49. Qg4+ Kc6 50. Qg6 Kd7 51. Qf5+ Ke7 52. a5 Be5 53. Qf8+ Kd7 54. Qf7+ Kc6 55. Rb6+ Kc5 56. Qd7 Qc1 57. Qc6+ Kd4 58. Rb4+ Kd3 59. Qe4+ Kc3 60. Rb7 Kd2 61. Qe3+ Kd1 62. Qf3+ Kd2 63. Qe3+ Kd1 64. Qf3+ Kd2 65. Qe3+ 1/2-1/2

[Event "EU-ch 24th"]
[Site "Petrovac"]
[Date "2024.11.17"]
[Round "9"]
[White "Kochavi, Dana"]
[Black "Wadsworth, Matthew J"]
[Result "1/2-1/2"]
[WhiteElo "2166"]
[BlackElo "2461"]
[PlyCount "119"]
[EventDate "2024.11.08"]
[EventType "swiss"]
[EventRounds "11"]
[EventCountry "MNE"]
[SourceTitle "CB47_2024"]
[SourceDate "2024.11.20"]
[SourceVersion "1"]
[SourceVersionDate "2024.11.20"]
[SourceQuality "1"]

1. e4 e6 2. d4 d5 3. Nc3 Bb4 4. e5 c5 5. a3 Bxc3+ 6. bxc3 Nc6 7. Qg4 g6 8. a4 Qa5 9. Bd2 Bd7 10. Be2 0-0-0 11. Nf3 c4 12. 0-0 f6 13. Qf4 Rf8 14. exf6 Nxf6 15. Ne5 Ne4 16. Qe3 Nxe5 17. dxe5 Nxd2 18. Qxd2 Qc5 19. a5 Kb8 20. Qd4 Rc8 21. Rfb1 Rhf8 22. Rb4 Rc7 23. g3 g5 24. Bg4 Bc8 25. Qxc5 Rxc5 26. Kf1 Rc7 27. Ke2 Rcf7 28. Rf1 h5 29. Bxh5 Rf5 30. Bg4 Rxe5+ 31. Kd2 Bd7 32. f3 d4 33. cxd4 Rxa5 34. Rfb1 Bc6 35. Rxc4 Bd5 36. Rcb4 Rh8 37. h3 b6 38. c4 Ra2+ 39. Kd3 Bc6 40. R1b2 Ra1 41. Rb1 Ra2 42. R4b2 Ra3+ 43. Rb3 Ra2 44. R1b2 Ra1 45. Bxe6 Bxf3 46. c5 Re8 47. d5 Bxd5 48. Bxd5 Rd8 49. cxb6 a6 50. Rc2 Rxd5+ 51. Ke4 Raa5 52. b7 Rdb5 53. Rcb2 Kxb7 54. Rxb5+ axb5 55. Kf5 b4+ 56. Kg6 Rb5 57. h4 gxh4 58. gxh4 Kc6 59. h5 Kc5 60. h6 1/2-1/2